| 000 | 00408nam a22001457a 4500 | ||
|---|---|---|---|
| 020 | _a0071158928 | ||
| 040 | _cNUST | ||
| 082 |
_a004 _bCUR |
||
| 100 |
_aCurtin, Dennis P. _974009 |
||
| 110 |
_aFoley, Kim Sen, Kunal Morin, Cathleen _9126337 |
||
| 245 |
_aInformation Technology: _bThe Breaking Wave |
||
| 260 |
_aBoston: _bIrwin/McGraw-Hill, _c1994. |
||
| 650 | _aInformation Technology | ||
| 942 |
_2ddc _cBK |
||
| 999 |
_c612036 _d612036 |
||